000 00899nam0a22002651 4500
001 RU\NLR\INFOCOMM_253\5000060431
005 20250613102025.0
035 _a(NLR Aleph) 009413368
090 _a8177390
_c8177390
100 _a20110209d1960 |||y0rusy50 ca
101 0 _ager
_irus
102 _aRU
105 _ay ||||000|y
200 1 _aVor Sonnenuntergang
_eSchauspiel
_fVorw. und Erläut. von A. Russakowa
210 _aM.
_cVerl. für fremdsprachige Lit.
_d1960
215 _a159 с.
_d20 см
300 _aНа последней с.: Г. Гауптман. Перед заходом солнца
300 _aПредисл. на рус. яз.
686 _aЛх907.1
_2rubbk
700 1 _4070
_7ba
_8rus
_aHauptmann
_bG.
_f1862-1946
_gGerhart
_9257003
_3RU\NLR\AUTH\770257059
801 1 _aRU
_bNLR
_c20110209
801 0 _aRU
_bNLR
_gPSBO
852 _aNLR
_jЛ61 Г-3/5568
942 _cBOOK
980 _aNB